000
00279 a2200133 4500
001
6788
082
_a
540 SIE
090
_c
5613
_d
5613
100
_a
Seinko, M J
245
_a
Chemistry 5th Ed
_h
English
250
_a
5
260
_a
London
_b
McGraw-Hill
_c
1976
300
_a
624p
942
_a
NUST-CAE
_k
540 SIE
999
_c
241861
_d
241861